00000000nam 2200000zi 4500
0019.954811
003CaOODSP
00520251006144803
006m     o  d f      
007cr cn ||||||||
008250904s2025    onc     osb  f000 0 eng d
020 |a9780660787824
040 |aCaOODSP|beng|erda|cCaOODSP
043 |an-cn---
0861 |aPS82-4/25-8E-PDF
1001 |aCram, Sarah, |eauthor.
24510|aProfile of offenders serving long sentences / |cprepared by : Sarah Cram.
264 1|a[Ottawa] : |bCorrectional Service Canada = Service correctionnel Canada, |c2025.
300 |a1 online resource (1 unnumbered page).
336 |atext|btxt|2rdacontent
337 |acomputer|bc|2rdamedia
338 |aonline resource|bcr|2rdacarrier
4901 |aResearch in brief ; |vRIB-25-08
500 |aCaption title.
500 |a"Changing lives. Protecting Canadians."
500 |aIssued also in French under title: Profil des délinquants purgeant des peines de longue durée.
504 |aIncludes bibliographical references.
520 |a"Offenders serving long sentences comprise a third of the general offender population. Two-thirds of the OSLS population were in custody and a third was in the community. OSLSs in custody were more likely to have higher criminogenic risk and need than those in the community"--Page [1].
650 0|aPrisoners|zCanada.
650 0|aPrison sentences|zCanada|vStatistics.
650 0|aCorrectional institutions|zCanada.
7102 |aCorrectional Service Canada, |eissuing body.
77508|tProfil des délinquants purgeant des peines de longue durée / |w(CaOODSP)9.954810
830#0|aResearch in brief (Correctional Service Canada)|vRIB-25-08.|w(CaOODSP)9.805030
85640|qPDF|s197 KB|uhttps://publications.gc.ca/collections/collection_2025/scc-csc/PS82-4-25-8-eng.pdf
8564 |qHTML|sN/A|uhttps://www.canada.ca/en/correctional-service/corporate/library/research/research-brief/25-08.html